Statistiques concernant Tous les cantons français sur une carte

Cliquez ici pour prendre le quiz!

Statistiques générales

  • Ce quiz a été pris 26 943 fois
  • Le résultat moyen est 338 sur 2054

Réponses sur la Carte

Les réponses sont colorées sur une échelle allant du rouge au vert en fonction du pourcentage des utilisateurs qui les ont devinées à leur premier essai. Vous pouvez retrouver ces pourcentages ci-dessous.
 

Statistiques - réponses

Canton% Correct
Marseille-1
69%
Marseille-10
69%
Marseille-11
69%
Marseille-12
69%
Marseille-2
69%
Marseille-3
69%
Marseille-4
69%
Marseille-5
69%
Marseille-6
69%
Marseille-7
69%
Marseille-8
69%
Marseille-9
69%
Lille-1
67%
Lille-2
67%
Lille-3
67%
Lille-4
67%
Lille-5
67%
Lille-6
67%
Toul
67%
Bordeaux-1
66%
Bordeaux-2
66%
Bordeaux-3
66%
Bordeaux-4
66%
Bordeaux-5
66%
Brest-1
65%
Brest-2
65%
Brest-3
65%
Brest-4
65%
Brest-5
65%
Nice-1
63%
Nice-2
63%
Nice-3
63%
Nice-4
63%
Nice-5
63%
Nice-6
63%
Nice-7
63%
Nice-8
63%
Nice-9
63%
Strasbourg-1
62%
Strasbourg-2
62%
Strasbourg-3
62%
Strasbourg-4
62%
Strasbourg-5
62%
Strasbourg-6
62%
Nantes-1
61%
Nantes-2
61%
Nantes-3
61%
Nantes-4
61%
Nantes-5
61%
Nantes-6
61%
Nantes-7
61%
Rennes-1
61%
Rennes-2
61%
Rennes-3
61%
Rennes-4
61%
Rennes-5
61%
Rennes-6
61%
Toulouse-1
61%
Toulouse-10
61%
Toulouse-11
61%
Toulouse-2
61%
Toulouse-3
61%
Toulouse-4
61%
Toulouse-5
61%
Toulouse-6
61%
Toulouse-7
61%
Toulouse-8
61%
Toulouse-9
61%
Ajaccio-1
59%
Ajaccio-2
59%
Ajaccio-3
59%
Ajaccio-4
59%
Ajaccio-5
59%
Bastia-1
55%
Bastia-2
55%
Bastia-3
55%
Bastia-4
55%
Montpellier-1
54%
Montpellier-2
54%
Montpellier-3
54%
Montpellier-4
54%
Montpellier-5
54%
Montpellier - Castelnau-le-Lez
54%
Saint-Denis-1
54%
Saint-Denis-2
54%
Saint-Denis-3
54%
Saint-Denis-4
54%
Tours-1
54%
Tours-2
54%
Tours-3
54%
Tours-4
54%
Caen-1
53%
Caen-2
53%
Caen-3
53%
Caen-4
53%
Caen-5
53%
Toulon-1
53%
Toulon-2
53%
Toulon-3
53%
Toulon-4
53%
Dijon-1
52%
Dijon-2
52%
Dijon-3
52%
Dijon-4
52%
Dijon-5
52%
Dijon-6
52%
Clermont
51%
Clermont-en-Argonne
51%
Clermont-Ferrand-1
51%
Clermont-Ferrand-2
51%
Clermont-Ferrand-3
51%
Clermont-Ferrand-4
51%
Clermont-Ferrand-5
51%
Clermont-Ferrand-6
51%
Clermont-l'Hérault
51%
Le Havre-1
51%
Le Havre-2
51%
Le Havre-3
51%
Le Havre-4
51%
Le Havre-5
51%
Le Havre-6
51%
Saint-Etienne-1
51%
Saint-Etienne-2
51%
Saint-Etienne-3
51%
Saint-Etienne-4
51%
Saint-Etienne-5
51%
Saint-Etienne-6
51%
Saint-Etienne-du-Valdonnez
51%
Metz-1
50%
Metz-2
50%
Metz-3
50%
Quimper-1
50%
Quimper-2
50%
Rouen-1
50%
Rouen-2
50%
Rouen-3
50%
Saint-Étienne-du-Bois
50%
Saint-Étienne-du-Rouvray
50%
Dunkerque-1
49%
Dunkerque-2
49%
Grenoble-1
49%
Grenoble-2
49%
Grenoble-3
49%
Grenoble-4
49%
Nancy-1
49%
Nancy-2
49%
Nancy-3
49%
Perpignan-1
49%
Perpignan-2
49%
Perpignan-3
49%
Perpignan-4
49%
Perpignan-5
49%
Perpignan-6
49%
Angers-1
48%
Angers-2
48%
Angers-3
48%
Angers-4
48%
Angers-5
48%
Angers-6
48%
Angers-7
48%
Orléans-1
48%
Orléans-2
48%
Orléans-3
48%
Orléans-4
48%
Reims-1
48%
Reims-2
48%
Reims-3
48%
Reims-4
48%
Reims-5
48%
Reims-6
48%
Reims-7
48%
Reims-8
48%
Reims-9
48%
Aix-les-Bains-1
47%
Aix-les-Bains-2
47%
Calais-1
47%
Calais-2
47%
Calais-3
47%
La Roche-sur-Yon-1
47%
La Roche-sur-Yon-2
47%
Nîmes-1
47%
Nîmes-2
47%
Nîmes-3
47%
Nîmes-4
47%
Pau-1
47%
Pau-2
47%
Pau-3
47%
Pau-4
47%
Aix-en-Provence-1
46%
Aix-en-Provence-2
46%
Aix-Villemaur-Pâlis
46%
Bourg-en-Bresse-1
46%
Bourg-en-Bresse-2
46%
La Rochelle-1
46%
La Rochelle-2
46%
La Rochelle-3
46%
Saint-Malo-1
46%
Saint-Malo-2
46%
Versailles-1
46%
Versailles-2
46%
Amiens-1
45%
Amiens-2
45%
Amiens-3
45%
Amiens-4
45%
Amiens-5
45%
Amiens-6
45%
Amiens-7
45%
Annecy-1
45%
Annecy-2
45%
Annecy-3
45%
Cannes-1
45%
Cannes-2
45%
Le Mans-1
44%
Le Mans-2
44%
Le Mans-3
44%
Le Mans-4
44%
Le Mans-5
44%
Le Mans-6
44%
Le Mans-7
44%
Lorient-1
44%
Lorient-2
44%
Mulhouse-1
44%
Mulhouse-2
44%
Mulhouse-3
44%
Colmar-1
43%
Colmar-2
43%
Limoges-1
43%
Limoges-2
43%
Limoges-3
43%
Limoges-4
43%
Limoges-5
43%
Limoges-6
43%
Limoges-7
43%
Limoges-8
43%
Limoges-9
43%
Bayonne-1
42%
Bayonne-2
42%
Bayonne-3
42%
Biarritz
42%
Cherbourg-en-Cotentin-1
42%
Cherbourg-en-Cotentin-2
42%
Cherbourg-en-Cotentin-3
42%
Cherbourg-en-Cotentin-4
42%
Cherbourg-en-Cotentin-5
42%
Poitiers-1
42%
Poitiers-2
42%
Poitiers-3
42%
Poitiers-4
42%
Poitiers-5
42%
Saint-Lô-1
42%
Saint-Lô-2
42%
Valence
42%
Vannes-1
42%
Vannes-2
42%
Vannes-3
42%
Avignon-1
41%
Avignon-2
41%
Avignon-3
41%
Boulogne-Billancourt-1
41%
Boulogne-Billancourt-2
41%
L'Île d'Oléron
41%
Saint-Jean-d'Angély
41%
Saint-Jean-de-Braye
41%
Saint-Jean-de-la-Ruelle
41%
Saint-Jean-de-Maurienne
41%
Saint-Jean-de-Monts
41%
Saint-Jean-le-Blanc
41%
Besançon-1
40%
Besançon-2
40%
Besançon-3
40%
Besançon-4
40%
Besançon-5
40%
Besançon-6
40%
Boulogne-sur-Mer-1
40%
Boulogne-sur-Mer-2
40%
Lens
40%
Saint-Jean-de-Luz
40%
Belfort-1
39%
Belfort-2
39%
Belfort-3
39%
Carcassonne-1
39%
Carcassonne-2
39%
Carcassonne-3
39%
La Roche-sur-Foron
39%
Saint-Pierre-1
39%
Saint-Pierre-2
39%
Saint-Pierre-3
39%
Troyes-1
39%
Troyes-2
39%
Troyes-3
39%
Troyes-4
39%
Troyes-5
39%
Valence-1
39%
Valence-2
39%
Valence-3
39%
Valence-4
39%
Auxerre-1
38%
Auxerre-2
38%
Auxerre-3
38%
Auxerre-4
38%
Chambéry-1
38%
Chambéry-2
38%
Chambéry-3
38%
Saint-Pierre-d'Albigny
38%
Saint-Pierre-des-Corps
38%
Saint-Pierre-le-Moûtier
38%
Gap-1
36%
Gap-2
36%
Gap-3
36%
Gap-4
36%
Roubaix-1
36%
Roubaix-2
36%
Saint-Brieuc-1
36%
Saint-Brieuc-2
36%
Arles
35%
Bar-sur-Aube
35%
Bar-sur-Seine
35%
Béziers-1
35%
Béziers-2
35%
Béziers-3
35%
Chalon-sur-Saône-1
35%
Chalon-sur-Saône-2
35%
Chalon-sur-Saône-3
35%
Évry
35%
Laval-1
35%
Laval-2
35%
Laval-3
35%
Niort-1
35%
Niort-2
35%
Niort-3
35%
Saint-Nazaire-1
35%
Saint-Nazaire-2
35%
Arras-1
34%
Arras-2
34%
Arras-3
34%
Bourges-1
34%
Bourges-2
34%
Bourges-3
34%
Bourges-4
34%
Chartres-1
34%
Chartres-2
34%
Chartres-3
34%
Narbonne-1
34%
Narbonne-2
34%
Narbonne-3
34%
Saint-Paul-1
34%
Saint-Paul-2
34%
Saint-Paul-3
34%
Saint-Paul-des-Landes
34%
Albi-1
33%
Albi-2
33%
Albi-3
33%
Albi-4
33%
Angoulême-1
33%
Angoulême-2
33%
Angoulême-3
33%
Bar-le-Duc-1
33%
Bar-le-Duc-2
33%
Blois-1
33%
Blois-2
33%
Blois-3
33%
Charleville-Mézières-1
33%
Charleville-Mézières-2
33%
Charleville-Mézières-3
33%
Charleville-Mézières-4
33%
Châteauroux-1
33%
Châteauroux-2
33%
Châteauroux-3
33%
Nanterre-1
33%
Nanterre-2
33%
Valenciennes
33%
Évreux-1
32%
Évreux-2
32%
Évreux-3
32%
L'Île de Ré
32%
Montauban-1
32%
Montauban-2
32%
Montauban-3
32%
Montauban-de-Bretagne
32%
Tourcoing-1
32%
Tourcoing-2
32%
Villeneuve-d'Ascq
32%
Villeneuve-lès-Avignon
32%
Villeneuve-Loubet
32%
Villeneuve-Saint-Georges
32%
Villeneuve-sur-Lot-1
32%
Villeneuve-sur-Lot-2
32%
Villeneuvois et Villefranchois
32%
Agen-1
31%
Agen-2
31%
Agen-3
31%
Agen-4
31%
Beauvais-1
31%
Beauvais-2
31%
Créteil-1
31%
Créteil-2
31%
Foix
31%
Guer
31%
Le Diois
31%
Nevers-1
31%
Nevers-2
31%
Nevers-3
31%
Nevers-4
31%
Tarbes-1
31%
Tarbes-2
31%
Tarbes-3
31%
Tulle
31%
Villeneuve-sur-Aisne
31%
Villeneuve-sur-Yonne
31%
Cergy-1
30%
Cergy-2
30%
Dax-1
30%
Dax-2
30%
Épinal-1
30%
Épinal-2
30%
Melun
30%
Menton
30%
Mont-de-Marsan-1
30%
Mont-de-Marsan-2
30%
Rodez-1
30%
Rodez-2
30%
Rodez-Onet
30%
Saint-Quentin-1
30%
Saint-Quentin-2
30%
Saint-Quentin-3
30%
Aurillac-1
29%
Aurillac-2
29%
Aurillac-3
29%
Brive-la-Gaillarde-1
29%
Brive-la-Gaillarde-2
29%
Brive-la-Gaillarde-3
29%
Brive-la-Gaillarde-4
29%
Mâcon-1
29%
Mâcon-2
29%
Orange
29%
Vichy-1
29%
Vichy-2
29%
Alençon-1
28%
Alençon-2
28%
Annecy-4
28%
Fontaine-lès-Dijon
28%
Fontaine-Seyssinet
28%
Fontaine-Vercors
28%
Guingamp
28%
Laon-1
28%
Laon-2
28%
Lescar, Gave et Terres du Pont-Long
28%
Neuilly-sur-Seine
28%
Périgueux-1
28%
Périgueux-2
28%
Antibes-1
27%
Antibes-2
27%
Antibes-3
27%
Auch-1
27%
Auch-2
27%
Auch-3
27%
Bavella
27%
Calvi
27%
Évian-les-Bains
27%
Grand Sud
27%
Hyères
27%
Le Puy-en-Velay-1
27%
Le Puy-en-Velay-2
27%
Le Puy-en-Velay-3
27%
Le Puy-en-Velay-4
27%
Meaux
27%
Moulins-1
27%
Moulins-2
27%
Sainte-Marie
27%
Sainte-Marie-aux-Mines
27%
Saintes
27%
Sète
27%
Thonon-les-Bains
27%
Verdun-1
27%
Verdun-2
27%
Verdun-sur-Garonne
27%
Cahors-1
26%
Cahors-2
26%
Cahors-3
26%
Dieppe-1
26%
Dieppe-2
26%
Digne-les-Bains-1
26%
Digne-les-Bains-2
26%
Dol-de-Bretagne
26%
Honfleur-Deauville
26%
Mamoudzou-1
26%
Mamoudzou-2
26%
Mamoudzou-3
26%
Montélimar-1
26%
Montélimar-2
26%
Montreuil-1
26%
Montreuil-2
26%
Sedan-1
26%
Sedan-2
26%
Sedan-3
26%
Vesoul-1
26%
Vesoul-2
26%
Vienne-1
26%
Vienne-2
26%
Villefranche-de-Rouergue
26%
Villefranche-sur-Saône
26%
Alès-1
25%
Alès-2
25%
Alès-3
25%
Argenteuil-1
25%
Argenteuil-2
25%
Argenteuil-3
25%
Berg-Helvie
25%
Bobigny
25%
Castres-1
25%
Castres-2
25%
Castres-3
25%
Dinan
25%
Guéret-1
25%
Guéret-2
25%
Ivry-sur-Seine
25%
Lourdes-1
25%
Lourdes-2
25%
Mende-1
25%
Mende-2
25%
Privas
25%
Saint-Martin-d'Auxigny
25%
Saint-Martin-d'Hères
25%
Albert
24%
Basse-Terre
24%
Beaune
24%
Briançon-1
24%
Briançon-2
24%
Cholet-1
24%
Cholet-2
24%
Corte
24%
Fréjus
24%
Issy-les-Moulineaux
24%
Les Coteaux de Moselle
24%
Lons-le-Saunier-1
24%
Lons-le-Saunier-2
24%
Montluçon-1
24%
Montluçon-2
24%
Montluçon-3
24%
Montluçon-4
24%
Saint-Germain-en-Laye
24%
Saint-Louis
24%
Saint-Louis-1
24%
Saint-Louis-2
24%
Chaumont-1
23%
Chaumont-2
23%
Chaumont-3
23%
Douai
23%
Dreux-1
23%
Dreux-2
23%
Fontainebleau
23%
Fougères-1
23%
Fougères-2
23%
Les Sables-d'Olonne
23%
Mérignac-1
23%
Mérignac-2
23%
Millau-1
23%
Millau-2
23%
Montbéliard
23%
Pontoise
23%
Saint-Germain-du-Puy
23%
Vitry-le-François-Champagne et Der
23%
Aubervilliers
22%
Avranches
22%
Bayeux
22%
Bergerac-1
22%
Bergerac-2
22%
Châlons-en-Champagne-1
22%
Châlons-en-Champagne-2
22%
Châlons-en-Champagne-3
22%
Compiègne-1
22%
Compiègne-2
22%
Grasse-1
22%
Grasse-2
22%
Istres
22%
Lannion
22%
Mantes-la-Jolie
22%
Morlaix
22%
Roanne-1
22%
Roanne-2
22%
Rochefort
22%
Royan
22%
Seignanx
22%
Sens-1
22%
Sens-2
22%
Thionville
22%
Abbeville-1
21%
Abbeville-2
21%
Albertville-1
21%
Albertville-2
21%
Antony
21%
Cambrai
21%
Chaumont-en-Vexin
21%
Cognac-1
21%
Cognac-2
21%
Levallois-Perret
21%
Nogent
21%
Nogent-le-Rotrou
21%
Nogent-sur-Marne
21%
Nogent-sur-Oise
21%
Nogent-sur-Seine
21%
Pessac-1
21%
Pessac-2
21%
Saint-Maur-des-Fossés-1
21%
Saint-Maur-des-Fossés-2
21%
Saint-Raphaël
21%
Saumur
21%
Soissons-1
21%
Soissons-2
21%
Vierzon-1
21%
Vierzon-2
21%
Vincennes
21%
Vitry-sur-Seine-1
21%
Vitry-sur-Seine-2
21%
Clichy
20%
Concarneau
20%
Dole-1
20%
Dole-2
20%
Draguignan
20%
La Côte Vermeille
20%
Le Libournais-Fronsadais
20%
Montargis
20%
Orly
20%
Rambouillet
20%
Saint-Dizier-1
20%
Saint-Dizier-2
20%
Saint-Dizier-3
20%
Saint-Ouen-l'Aumône
20%
Saint-Ouen-sur-Seine
20%
Agde
19%
Aubagne
19%
Emblavez-et-Meygal
19%
Fontenay-le-Comte
19%
Fontenay-sous-Bois
19%
Fontenay-Trésigny
19%
La Côte Salanquaise
19%
Le Nord-Gironde
19%
Le Port
19%
Lisieux
19%
Martigues
19%
Oyonnax
19%
Pontivy
19%
Saint-André-1
19%
Saint-André-2
19%
Saint-André-3
19%
Saint-Dié-des-Vosges-1
19%
Saint-Dié-des-Vosges-2
19%
Saint-Julien-en-Genevois
19%
Sarcelles
19%
Carpentras
18%
Chartreuse-Guiers
18%
Colombes-1
18%
Colombes-2
18%
Drancy
18%
Épernay-1
18%
Épernay-2
18%
Étampes
18%
Haguenau
18%
La Vallée des Gaves
18%
Massy
18%
Mayenne
18%
Pointe-à-Pitre
18%
Pontarlier
18%
Quiberon
18%
Rue
18%
Saint-André-de-l'Eure
18%
Saint-André-les-Vergers
18%
Saint-Laurent-en-Grandvaux
18%
Saint-Max
18%
Annemasse
17%
Aulnay-sous-Bois
17%
Barcelonnette
17%
Béthune
17%
Chantilly
17%
Château-Thierry
17%
Châtillon
17%
Châtillon-sur-Seine
17%
Creil
17%
Gex
17%
Le Blanc
17%
Montrouge
17%
Monts
17%
Pantin
17%
Quimperlé
17%
Riom
17%
Riom-ès-Montagnes
17%
Saint-Claude
17%
Sainte-Anne
17%
Saint-Omer
17%
Sarlat-la-Canéda
17%
Sarreguemines
17%
Villejuif
17%
Asnières-sur-Seine
16%
Berck
16%
Blagnac
16%
Chambord
16%
Châtellerault-1
16%
Châtellerault-2
16%
Châtellerault-3
16%
Châtillon-sur-Chalaronne
16%
Chinon
16%
Corbeil-Essonnes
16%
Figeac-1
16%
Figeac-2
16%
Forbach
16%
Granville
16%
Hendaye-Côte Basque-Sud
16%
Issoire
16%
La Baule-Escoublac
16%
La Flèche
16%
Le Mont-Blanc
16%
Le Tampon-1
16%
Le Tampon-2
16%
Lunéville-1
16%
Lunéville-2
16%
Marches du Sud-Quercy
16%
Oloron-Sainte-Marie-1
16%
Oloron-Sainte-Marie-2
16%
Palaiseau
16%
Redon
16%
Saint-Benoît-1
16%
Saint-Benoît-2
16%
Saint-Cyr-l'École
16%
Saint-Cyr-sur-Loire
16%
Saint-Cyr-sur-Mer
16%
Saint-Flour-1
16%
Saint-Flour-2
16%
Selles-sur-Cher
16%
Thiers
16%
Vire-Normandie
16%
Vitré
16%
Apt
15%
Autun-1
15%
Autun-2
15%
Briec
15%
Champigny-sur-Marne-1
15%
Champigny-sur-Marne-2
15%
Courbevoie-1
15%
Courbevoie-2
15%
Coutances
15%
Douarnenez
15%
Langres
15%
Le Blanc-Mesnil
15%
Marmande-1
15%
Marmande-2
15%
Maubeuge
15%
Nantua
15%
Noisy-le-Grand
15%
Pamiers-1
15%
Pamiers-2
15%
Poissy
15%
Pornic
15%
Provins
15%
Rueil-Malmaison
15%
Sablé-sur-Sarthe
15%
Saint-Cloud
15%
Saint-Gilles
15%
Salon-de-Provence-1
15%
Salon-de-Provence-2
15%
Sarrebourg
15%
Sélestat
15%
Senlis
15%
Aixe-sur-Vienne
14%
Anglet
14%
Cagnes-sur-Mer-1
14%
Cagnes-sur-Mer-2
14%
Châteaudun
14%
Châteauneuf-sur-Loire
14%
Clamart
14%
Enne et Alzou
14%
La Seyne-sur-Mer-1
14%
La Seyne-sur-Mer-2
14%
Lattes
14%
Le Creusot-1
14%
Le Creusot-2
14%
Le Grand-Quevilly
14%
L'Île-Rousse
14%
Marignane
14%
Muret
14%
Pays Tyrossais
14%
Pithiviers
14%
Romans-sur-Isère
14%
Saint-Amand-les-Eaux
14%
Saint-Amand-Montrond
14%
Sainte-Maxime
14%
Saint-François
14%
Saint-Gaudens
14%
Saint-Georges-de-Mons
14%
Saint-Rémy
14%
Amboise
13%
Argentan-1
13%
Argentan-2
13%
Aubenas-1
13%
Aubenas-2
13%
Aubusson
13%
Avallon
13%
Bagnères-de-Luchon
13%
Bagnolet
13%
Baïse-Armagnac
13%
Bondy
13%
Charente-Champagne
13%
Châteaubriant
13%
Côte d'Argent
13%
Eu
13%
Fécamp
13%
Gennevilliers
13%
Guérande
13%
Issoudun
13%
La Ciotat
13%
La Hague
13%
La Haute-Bigorre
13%
Landerneau
13%
La Région Limouxine
13%
Le Bassin chaurien
13%
Le Nord-Médoc
13%
Les Pyrénées catalanes
13%
Lodève
13%
Maisons-Alfort
13%
Manosque-1
13%
Manosque-2
13%
Manosque-3
13%
Meudon
13%
Montbrison
13%
Montigny-le-Bretonneux
13%
Montigny-lès-Metz
13%
Romorantin-Lanthenay
13%
Saint-Herblain-1
13%
Saint-Herblain-2
13%
Sevran
13%
Sisteron
13%
Torcy
13%
Trappes
13%
Ussel
13%
Uzès
13%
Vendôme
13%
Villers-Cotterêts
13%
Villers-Semeuse
13%
Vittel
13%
Annonay-1
12%
Annonay-2
12%
Belley
12%
Bourgoin-Jallieu
12%
Brioude
12%
Carhaix-Plouguer
12%
Castellane
12%
Cère et Ségala
12%
Chelles
12%
Coulommiers
12%
Crozon
12%
Fleury-les-Aubrais
12%
Jonzac
12%
La Courneuve
12%
La Ferté-Bernard
12%
La Ferté Macé
12%
La Ferté-Saint-Aubin
12%
La Tour-du-Pin
12%
Le Perche
12%
Le Petit-Quevilly
12%
Les Abymes-1
12%
Les Abymes-2
12%
Les Abymes-3
12%
L'Estuaire
12%
Le Sud-Gironde
12%
Le Sud-Médoc
12%
Loches
12%
Lure-1
12%
Lure-2
12%
Mortagne-au-Perche
12%
Mortagne-sur-Sèvre
12%
Neufchâteau
12%
Nyons et Baronnies
12%
Paimpol
12%
Rethel
12%
Rezé-1
12%
Rezé-2
12%
Saint-Pol-de-Léon
12%
Saint-Pol-sur-Ternoise
12%
Saverne
12%
Talence
12%
Tournon-sur-Rhône
12%
Aigues-Mortes
11%
Alfortville
11%
Ambert
11%
Auray
11%
Bagneux
11%
Beaumont
11%
Beaumont-de-Lomagne
11%
Belleville-en-Beaujolais
11%
Belleville-sur-Meuse
11%
Bonneville
11%
Bressuire
11%
Brignoles
11%
Cabourg
11%
Castelsarrasin
11%
Cavaillon
11%
Château-Chinon
11%
Château-Gontier-sur-Mayenne-2
11%
Choisy-le-Roi
11%
Commercy
11%
Cosne-Cours-sur-Loire
11%
Florac Trois Rivières
11%
Forcalquier
11%
Gérardmer
11%
Gien
11%
Hénin-Beaumont-1
11%
Hénin-Beaumont-2
11%
Joinville
11%
La Ferté-sous-Jouarre
11%
Le Kremlin-Bicêtre
11%
Le Vigan
11%
L'Haÿ-les-Roses
11%
Longwy
11%
Lunel
11%
Molsheim
11%
Montbard
11%
Montceau-les-Mines
11%
Ouistreham
11%
Parthenay
11%
Perros-Guirec
11%
Pont-à-Mousson
11%
Saint-Hilaire-de-Riez
11%
Saint-Hilaire-du-Harcouët
11%
Saint-Just-en-Chaussée
11%
Saint-Just-Saint-Rambert
11%
Sartrouville
11%
Vallon
11%
Villiers-le-Bel
11%
Villiers-sur-Marne
11%
Vitrolles
11%
Yssingeaux
11%
Altkirch
10%
Ambérieu-en-Bugey
10%
Ancenis-Saint-Géréon
10%
Argonne Suippe et Vesle
10%
Armentières
10%
Avesnes-le-Comte
10%
Avesnes-sur-Helpe
10%
Bernay
10%
Bourg-Saint-Maurice
10%
Brétigny-sur-Orge
10%
Cachan
10%
Charenton-le-Pont
10%
Chatou
10%
Clamecy
10%
Cluny
10%
Échirolles
10%
Embrun
10%
Épinay-sous-Sénart
10%
Épinay-sur-Seine
10%
Falaise
10%
Flers-1
10%
Flers-2
10%
Garonne-Lomagne-Brulhois
10%
La Chapelle-sur-Erdre
10%
La Châtre
10%
La Souterraine
10%
La Teste-de-Buch
10%
Le Cannet
10%
Les Andelys
10%
Louhans
10%
Mauriac
10%
Mirande-Astarac
10%
Morteau
10%
Péronne
10%
Plaisir
10%
Sabarthès
10%
Saint-Joseph
10%
Saint-Leu
10%
Saint-Sébastien-sur-Loire
10%
Savigny-le-Temple
10%
Savigny-sur-Orge
10%
Tonnerrois
10%
Tremblay-en-France
10%
Vallespir-Albères
10%
Arpajon
9%
Arpajon-sur-Cère
9%
Bellac
9%
Berre-l'Étang
9%
Boën-sur-Lignon
9%
Borgo
9%
Carquefou
9%
Chablis
9%
Challans
9%
Charente-Vienne
9%
Charolles
9%
Conflans-Sainte-Honorine
9%
Couserans Ouest
9%
Dourdan
9%
Frontignan
9%
Gaillac
9%
Garges-lès-Gonesse
9%
Gisors
9%
Joué-lès-Tours
9%
La Chapelle-de-Guinchay
9%
La Côte Sableuse
9%
Lamballe-Armor
9%
L'Argentière-la-Bessée
9%
Le Luc
9%
Le Sancy
9%
Les Herbiers
9%
Les Mureaux
9%
Le Sud Grésivaudan
9%
Les Ulis
9%
Loudéac
9%
Mamers
9%
Mandelieu-la-Napoule
9%
Marie-Galante
9%
Marly
9%
Modane
9%
Montmorillon
9%
Nemours
9%
Orthez et Terres des Gaves et du sel
9%
Périgord Vert Nontronnais
9%
Ploërmel
9%
Rochechouart
9%
Saint-Affrique
9%
Saint-Chamond
9%
Sainte-Geneviève-des-Bois
9%
Saint-Valery-en-Caux
9%
Sancerre
9%
Segré-en-Anjou Bleu
9%
Vaison-la-Romaine
9%
Vence
9%
Verneuil d'Avre et d'Iton
9%
Verneuil-sur-Seine
9%
Vernon
9%
Viry-Châtillon
9%
Voiron
9%
Yerres
9%
Yvetot
9%
Athis-Mons
8%
Athis-Val de Rouvre
8%
Auxonne
8%
Beaucaire
8%
Cap Corse
8%
Château-Gontier-sur-Mayenne-1
8%
Châteaurenard
8%
Clisson
8%
Cluses
8%
Coteau de Chalosse
8%
Firminy
8%
Gaillard
8%
Gif-sur-Yvette
8%
Givet
8%
Hazebrouck
8%
Houilles
8%
Illkirch-Graffenstaden
8%
Jarnac
8%
L'Albret
8%
Landivisiau
8%
Les Corbières Méditerranée
8%
Le Tricastin
8%
Liévin
8%
L'Île-d'Yeu
8%
Luçon
8%
Magny-le-Désert
8%
Mazamet-1
8%
Mazamet-2 Vallée du Thoré
8%
Moûtiers
8%
Noyon
8%
Nuits-Saint-Georges
8%
Pont-l'Abbé
8%
Pont-l'Évêque
8%
Romilly-sur-Andelle
8%
Romilly-sur-Seine
8%
Roquebrune-sur-Argens
8%
Saint-Alban-Leysse
8%
Saint-Alban-sur-Limagnole
8%
Saint-Amour
8%
Saint-Maximin-la-Sainte-Baume
8%
Sallanches
8%
Sartenais-Valinco
8%
Schiltigheim
8%
Tarare
8%
Thouars
8%
Tournus
8%
Vallon-Pont-d'Arc
8%
Vervins
8%
Villars-les-Dombes
8%
Vouziers
8%
Wissembourg
8%
Ahun
7%
Argenton-sur-Creuse
7%
Bagnols-sur-Cèze
7%
Bain-de-Bretagne
7%
Beaufort-en-Anjou
7%
Bitche
7%
Bollène
7%
Bourbon-l'Archambault
7%
Bruz
7%
Carentan-les-Marais
7%
Cenon
7%
Champagnole
7%
Châtenay-Malabry
7%
Condé-en-Normandie
7%
Condé-sur-Vire
7%
Corbie
7%
Crest
7%
Croix
7%
Delle
7%
Feurs
7%
Fourmies
7%
Gagny
7%
Gourdon
7%
Goussainville
7%
Gray
7%
Gueugnon
7%
Guipavas
7%
Haute-Ariège
7%
Hennebont
7%
Isigny-le-Buat
7%
Joigny
7%
La Beauce
7%
L'Aigle
7%
Lanester
7%
La Sologne
7%
Les Portes du Tarn
7%
Livry-Gargan
7%
Longjumeau
7%
Louviers
7%
Melle
7%
Moissac
7%
Montagne Basque
7%
Montaigu-Vendée
7%
Montfort-sur-Meu
7%
Montmorency
7%
Neufchâtel-en-Bray
7%
Obernai
7%
Octeville-sur-Mer
7%
Olivet
7%
Paray-le-Monial
7%
Pontault-Combault
7%
Pouilly-sur-Loire
7%
Remiremont
7%
Roussillon
7%
Rumilly
7%
Saint-Aignan
7%
Sainte-Rose-1
7%
Sainte-Rose-2
7%
Saint-Junien
7%
Saint-Loup-sur-Semouse
7%
Saint-Maixent-l'École
7%
Saint-Médard-en-Jalles
7%
Saint-Pourçain-sur-Sioule
7%
Saint-Renan
7%
Saint-Romain-de-Colbosc
7%
Semur-en-Auxois
7%
Sully-sur-Loire
7%
Thiais
7%
Thoiry
7%
Tréguier
7%
Vallée Dordogne
7%
Valognes
7%
Varennes-Vauzelles
7%
Allauch
6%
Andernos-les-Bains
6%
Andrézieux-Bouthéon
6%
Arbois
6%
Avion
6%
Bagnoles de l’Orne Normandie
6%
Baume-les-Dames
6%
Beaugency
6%
Beausoleil
6%
Blain
6%
Breteuil
6%
Brienne-le-Château
6%
Bugey Savoyard
6%
Carmaux-1 Le Ségala
6%
Carmaux-2 Vallée du Cérou
6%
Chamalières
6%
Champs-sur-Marne
6%
Charente-Nord
6%
Chenôve
6%
Combourg
6%
Crépy-en-Valois
6%
Denain
6%
Digoin
6%
Dompierre-sur-Besbre
6%
Draveil
6%
Dzaoudzi
6%
Elbeuf
6%
Étaples
6%
Fouesnant
6%
Franconville
6%
Gannat
6%
Gardanne
6%
Gignac
6%
Gorges de l'Allier-Gévaudan
6%
Grande-Synthe
6%
Grands Lacs
6%
Guebwiller
6%
Guémené-Penfao
6%
Gujan-Mestras
6%
Ham
6%
Hayange
6%
Héricourt-1
6%
Héricourt-2
6%
Hérouville-Saint-Clair
6%
Hirson
6%
Is-sur-Tille
6%
La Garde
6%
Lagny-sur-Marne
6%
La Possession
6%
La Tremblade
6%
La Vallée de la Barousse
6%
Le Canigou
6%
Le Crès
6%
Les Landes des Graves
6%
Lormont
6%
Loudun
6%
Luxeuil-les-Bains
6%
Marennes
6%
Mauléon
6%
Mèze
6%
Mirepoix
6%
Miribel
6%
Mitry-Mory
6%
Murat
6%
Ornans
6%
Pays de Briey
6%
Pertuis
6%
Pézenas
6%
Plateau Briard
6%
Plateau d'Hauteville
6%
Pléneuf-Val-André
6%
Plouha
6%
Poligny
6%
Pons
6%
Pont-Audemer
6%
Pontorson
6%
Ris-Orangis
6%
Saint-Avold
6%
Saint-Brevin-les-Pins
6%
Saint-Chély-d'Apcher
6%
Saint-Florentin
6%
Saint-Symphorien-d'Ozon
6%
Saint-Vallier
6%
Sées
6%
Serres
6%
Sevi-Sorru-Cinarca
6%
Sotteville-lès-Rouen
6%
Tain-l'Hermitage
6%
Terres des Luys et Coteaux du Vic-Bilh
6%
Tournefeuille
6%
Vandoeuvre-lès-Nancy
6%
Vercors-Monts du Matin
6%
Vertou
6%
Villedieu-les-Poêles-Rouffigny
6%
Villemomble
6%
Villenave-d'Ornon
6%
Villeparisis
6%
Yzeure
6%
Adour Armagnac
5%
Anet
5%
Anse
5%
Arcis-sur-Aube
5%
Arnay-le-Duc
5%
Aubergenville
5%
Aubière
5%
Aubigny-sur-Nère
5%
Aubrac et Carladez
5%
Audincourt
5%
Baccarat
5%
Baïgura et Mondarrain
5%
Bailleul
5%
Bellerive-sur-Allier
5%
Bièvre
5%
Bologne
5%
Bourg-de-Péage
5%
Brantôme en Périgord
5%
Brou
5%
Bruay-la-Buissière
5%
Celles-sur-Belle
5%
Chagny
5%
Chalosse Tursan
5%
Charente-Sud
5%
Charmes
5%
Châtelaillon-Plage
5%
Châtel-Guyon
5%
Chauny
5%
Chevigny-Saint-Sauveur
5%
Claye-Souilly
5%
Commentry
5%
Contes
5%
Cournon-d'Auvergne
5%
Cusset
5%
Dampierre-sur-Salon
5%
Decize
5%
Domfront en Poiraie
5%
Doué-en-Anjou
5%
Égletons
5%
Épernon
5%
Ermont
5%
Ernée
5%
Genlis
5%
Gournay-en-Bray
5%
Grignan
5%
Guerlédan
5%
Guillestre
5%
Guise
5%
Ifs
5%
Janzé
5%
La Bresse
5%
La Charité-sur-Loire
5%
La Guerche-de-Bretagne
5%
La Haute-Vallée de l'Aude
5%
La Malepère à la Montagne Noire
5%
La Motte-Servolex
5%
Langeais
5%
Langogne
5%
Lapalisse
5%
La Vallée de l'Agly
5%
Le Chesnay-Rocquencourt
5%
Le Coteau
5%
Lectoure-Lomagne
5%
Le Gosier
5%
Le Haut-Grésivaudan
5%
Le Lézignanais
5%
Le Malesherbois
5%
Le Nord-Libournais
5%
L'Entre-Deux-Mers
5%
Le Pays Messin
5%
Le Pilat
5%
Le Rheu
5%
Le Saulnois
5%
Les Cévennes Ardéchoises
5%
Les Corbières
5%
Les Coteaux
5%
Les Coteaux de Dordogne
5%
Lesneven
5%
Liffré
5%
L'Isle-Adam
5%
L'Isle-d'Abeau
5%
Livarot-Pays-d’Auge
5%
Longué-Jumelles
5%
Lot et Dourdou
5%
Loué
5%
Lucé
5%
Machecoul-Saint-Même
5%
Marans
5%
Marensin Sud
5%
Marle
5%
Marvejols
5%
Mauguio
5%
Maurepas
5%
Méru
5%
Meung-sur-Loire
5%
Meximieux
5%
Mézenc
5%
Moëlan-sur-Mer
5%
Montereau-Fault-Yonne
5%
Mont-Saint-Aignan
5%
Mourmelon-Vesle et Monts de Champagne
5%
Nort-sur-Erdre
5%
Oisans-Romanche
5%
Ollioules
5%
Pacy-sur-Eure
5%
Pays de Bidache, Amikuze et Ostibarre
5%
Plabennec
5%
Plancoët
5%
Plateau de Millevaches
5%
Plérin
5%
Ploemeur
5%
Pontchâteau
5%
Pont-d'Ain
5%
Pont-Saint-Esprit
5%
Questembert
5%
Rai
5%
Raon-l'Etape
5%
Revel
5%
Rive-de-Gier
5%
Rocroi
5%
Roye
5%
Saint-Apollinaire
5%
Saint-Éloy-les-Mines
5%
Saint-Gély-du-Fesc
5%
Saint-Genis-Pouilly
5%
Saint-Léonard-de-Noblat
5%
Saintonge Estuaire
5%
Saint-Philbert-de-Grand-Lieu
5%
Saujon
5%
Séné
5%
Seyne
5%
Sézanne-Brie et Champagne
5%
Sorgues
5%
Souillac
5%
Surgères
5%
Talant
5%
Talmont-Saint-Hilaire
5%
Thorigny-sur-Oreuse
5%
Ugine
5%
Uzerche
5%
Valbonne
5%
Val-de-Reuil
5%
Val-de-Saire
5%
Valençay
5%
Vallée de l'Homme
5%
Valréas
5%
Yutz
5%
Aigueperse
4%
Aire-sur-la-Lys
4%
Ambazac
4%
Argentat-sur-Dordogne
4%
Attignat
4%
Attigny
4%
Aulnoy-lez-Valenciennes
4%
Auxi-le-Château
4%
Aytré
4%
Baie-Mahault-1
4%
Baie-Mahault-2
4%
Bapaume
4%
Barentin
4%
Bégard
4%
Betton
4%
Beuzeville
4%
Biguglia-Nebbio
4%
Billom
4%
Boixe-et-Manslois
4%
Bolbec
4%
Bonnières-sur-Seine
4%
Boulay-Moselle
4%
Bourbonne-les-Bains
4%
Bourganeuf
4%
Bourgogne-Fresne
4%
Bourg-Saint-Andéol
4%
Brassac-les-Mines
4%
Bréhal
4%
Brionne
4%
Broons
4%
Callac
4%
Cébazat
4%
Cernay
4%
Charente-Bonnieure
4%
Charlieu
4%
Chasseneuil-du-Poitou
4%
Châteaugiron
4%
Château-Renault
4%
Chauvigny
4%
Chemillé-en-Anjou
4%
Chorges
4%
Coeur de Puisaye
4%
Combs-la-Ville
4%
Conches-en-Ouche
4%
Corbigny
4%
Coudekerque-Branche
4%
Courseulles-sur-Mer
4%
Courtenay
4%
Couserans Est
4%
Créon
4%
Cuiseaux
4%
Deuil-la-Barre
4%
Dieulefit
4%
Doullens
4%
Évron
4%
Fère-en-Tardenois
4%
Fismes-Montagne de Reims
4%
Fleurance-Lomagne
4%
Fosses
4%
Frasne
4%
Gaillon
4%
Gâtinais en Bourgogne
4%
Gerzat
4%
Gimone-Arrats
4%
Givry
4%
Gond-Pontouvre
4%
Gourin
4%
Grand-Bas-Armagnac
4%
Grand-Champ
4%
Grandvilliers
4%
Graulhet
4%
Guidel
4%
Haute-Dordogne
4%
Haute Lande Armagnac
4%
Haut-Eyrieux
4%
Hauts de Bienne
4%
Haut-Vivarais
4%
Herblay-sur-Seine
4%
La Brède
4%
La Couronne
4%
La Crau
4%
La Gâtine
4%
Lagnieu
4%
La Guerche-sur-l'Aubois
4%
Lambersart
4%
Lamentin
4%
La Piège au Razès
4%
La Plaine d'Illibéris
4%
La Presqu'Île
4%
L'Arbresle
4%
Lavaur Cocagne
4%
Laxou
4%
Le Bouscat
4%
Le Hom
4%
Le Mesnil-Esnard
4%
Le Mortainais
4%
Le Moule
4%
Le Moyen Grésivaudan
4%
Le Pontet
4%
Les Aspres
4%
Les Forêts de Gascogne
4%
Les Monts d’Aunay
4%
Les Monts du Livradois
4%
Les Portes du Médoc
4%
Les Trois Monts
4%
L'Étang-Salé
4%
Ligny-en-Barrois
4%
L'Isle-Jourdain
4%
L'Isle-sur-la-Sorgue
4%
Longvic
4%
Loriol-sur-Drôme
4%
Lorris
4%
Lot et Truyère
4%
Lusignan
4%
Lussac-les-Châteaux
4%
Luzy
4%
Maîche
4%
Marck
4%
Mareuil-sur-Lay-Dissais
4%
Matha
4%
Matheysine-Trièves
4%
Mennecy
4%
Meylan
4%
Migennes
4%
Moirans-en-Montagne
4%
Monistrol-sur-Loire
4%
Montlouis-sur-Loire
4%
Montmélian
4%
Montoire-sur-le-Loir
4%
Montrichard Val de Cher
4%
Muzillac
4%
Nangis
4%
Nanteuil-le-Haudouin
4%
Oraison
4%
Orchies
4%
Orcines
4%
Outreau
4%
Ouzom, Gave et rives du Neez
4%
Ozoir-la-Ferrière
4%
Pardiac-Rivière-Basse
4%
Pays de Morlaàs et du Montanérès
4%
Pays d'Olmes
4%
Pays Morcenais Tarusate
4%
Peyre en Aubrac
4%
Phalsbourg
4%
Plaisance-du-Touch
4%
Plestin-les-Grèves
4%
Ploufragan
4%
Poix-de-Picardie
4%
Pont-du-Château
4%
Pont-Sainte-Maxence
4%
Pont-sur-Yonne
4%
Portes d'Ariège
4%
Revin
4%
Rhône-Eyrieux
4%
Ribérac
4%
Riez
4%
Rioz
4%
Rostrenen
4%
Saint-Astier
4%
Saint-Bonnet-en-Champsaur
4%
Saint-Calais
4%
Saint-Céré
4%
Sainte-Florine
4%
Sainte-Maure-de-Touraine
4%
Saint-Fargeau-Ponthierry
4%
Saint-Lyé
4%
Saint-Mihiel
4%
Saint-Ours
4%
Saint-Paulien
4%
Saint-Pons-de-Thomières
4%
Saint-Vit
4%
Saint-Yrieix-la-Perche
4%
Sciez
4%
Solliès-Pont
4%
Tallard
4%
Tarn et Causses
4%
Tavaux
4%
Taverny
4%
Tergnier
4%
Terrasson-Lavilledieu
4%
Thiviers
4%
Tonnay-Charente
4%
Tonneins
4%
Tourrette-Levens
4%
Trégueux
4%
Trélissac
4%
Trets
4%
Trévoux
4%
Trois-Rivières
4%
Ustaritz-Vallées de Nive et Nivelle
4%
Valdahon
4%
Valensole
4%
Valentigney
4%
Vallet
4%
Valserhône
4%
Vauvert
4%
Velay Volcanique
4%
Vendeuvre-sur-Barse
4%
Veynes
4%
Vic-le-Comte
4%
Vic-sur-Cère
4%
Vidauban
4%
Vieux-Habitants
4%
Vonnas
4%
Vouvray
4%
Wassy
4%
Adour-Gersoise
3%
Agon-Coutainville
3%
Ailly-sur-Noye
3%
Ailly-sur-Somme
3%
Aizenay
3%
Allassac
3%
Anzin
3%
Astarac-Gimone
3%
Aulnoye-Aymeries
3%
Auneau
3%
Auterive
3%
Authume
3%
Autize-Egray
3%
Auzances
3%
Aveyron-Lère
3%
Avord
3%
Bavans
3%
Bavilliers
3%
Beaupréau-en-Mauges
3%
Bethoncourt
3%
Beuvry
3%
Bischwiller
3%
Blanzy
3%
Bléré
3%
Bletterans
3%
Bogny-sur-Meuse
3%
Bohain-en-Vermandois
3%
Bois-Guillaume
3%
Bonnat
3%
Bouéni
3%
Bourg-Achard
3%
Boussac
3%
Boutières
3%
Bouzonville
3%
Brazey-en-Plaine
3%
Bricquebec-en-Cotentin
3%
Brienon-sur-Armançon
3%
Brignais
3%
Brumath
3%
Bruyères
3%
Bully-les-Mines
3%
Buzançais
3%
Canteleu
3%
Capesterre-Belle-Eau
3%
Carignan
3%
Carvin
3%
Castanet-Tolosan
3%
Caudebec-lès-Elbeuf
3%
Caudry
3%
Causses-Rougiers
3%
Cazères
3%
Ceor-Ségala
3%
Cerizay
3%
Ceton
3%
Ceyzériat
3%
Châlette-sur-Loing
3%
Changé
3%
Chaniers
3%
Chantonnay
3%
Charny Orée de Puisaye
3%
Charvieu-Chavagneux
3%
Château-Arnoux-Saint-Auban
3%
Châteaumeillant
3%
Châteauvillain
3%
Châtenois-les-Forges
3%
Chauffailles
3%
Civray
3%
Condat-sur-Vienne
3%
Cossé-le-Vivien
3%
Coteaux du Lizon
3%
Couzeix
3%
Créances
3%
Creney-près-Troyes
3%
Darnétal
3%
Descartes
3%
Desvres
3%
Domont
3%
Dormans-Paysages de Champagne
3%
Drôme des Collines
3%
Dun-sur-Auron
3%
Erstein
3%
Estrées-Saint-Denis
3%
Étain
3%
Évaux-les-Bains
3%
Évrecy
3%
Eymoutiers
3%
Fameck
3%
Faverges-Seythenex
3%
Felletin
3%
Fezensac
3%
Flayosc
3%
Flixecourt
3%
Friville-Escarbotin
3%
Fruges
3%
Gamaches
3%
Garéoult
3%
Genas
3%
Gergy
3%
Ghisonaccia
3%
Giromagny
3%
Gorron
3%
Gouzon
3%
Gramat
3%
Grand Bourgtheroulde
3%
Grand Couronné
3%
Grandvillars
3%
Gravona-Prunelli
3%
Guichen
3%
Guilherand-Granges
3%
Haute-Ardèche
3%
Huriel
3%
Illiers-Combray
3%
Imphy
3%
Isle-Manoire
3%
Jarny
3%
Jaunay-Marigny
3%
Joux-la-Ville
3%
Jussey
3%
Koungou
3%
La Canourgue
3%
Lacapelle-Marival
3%
La Châtaigneraie
3%
Ladoix-Serrigny
3%
La Jarrie
3%
Lalinde
3%
La Montagne d'Alaric
3%
La Montagne Noire
3%
Lanvallay
3%
La Plaine Niortaise
3%
Laragne-Montéglin
3%
La Vallée de l'Arros et des Baïses
3%
La Verpillière
3%
Le Cateau-Cambrésis
3%
Le Cœur de Béarn
3%
Le Confluent
3%
Le Fumélois
3%
Le Grand-Bourg
3%
Le Haut Dadou
3%
Le Haut-Périgord Noir
3%
Le Lude
3%
Le Neubourg
3%
Le Pastel
3%
Le Pays de Serres
3%
Le Pont-de-Beauvoisin
3%
Le Pont-de-Claix
3%
Le Pouzin
3%
Le Réolais et Les Bastides
3%
Le Ribéral
3%
Les Basses Plaines de l'Aude
3%
Les Coteaux de Guyenne
3%
Les Hautes Terres d'Oc
3%
Les Martres-de-Veyre
3%
Les Pieux
3%
Les Ponts-de-Cé
3%
Les Riceys
3%
Le Sud-Minervois
3%
Les Villages Vovéens
3%
Le Val de Thouet
3%
Lezoux
3%
Lillers
3%
Limay
3%
Lingolsheim
3%
Lot et Montbazinois
3%
Lumbres
3%
L'Yssandonnais
3%
Marguerittes
3%
Marnay
3%
Martel
3%
Mauges-sur-Loire
3%
Maurs
3%
Mehun-sur-Yèvre
3%
Melesse
3%
Mélisey
3%
Metzervisse
3%
Mézidon Vallée d’Auge
3%
Migné-Auxances
3%
Mignon-et-Boutonne
3%
Mirecourt
3%
Montataire
3%
Montech
3%
Monteux
3%
Montmédy
3%
Montpon-Ménestérol
3%
Mont-sous-Vaudrey
3%
Moréac
3%
Mornant
3%
Morne-à-l'Eau
3%
Mouy
3%
Mutzig
3%
Naucelles
3%
Naves
3%
Neuvéglise-sur-Truyère
3%
Neuvy-Saint-Sépulchre
3%
Nive-Adour
3%
Noeux-les-Mines
3%
Nouvion-sur-Meuse
3%
Orthe et Arrigans
3%
Panazol
3%
Pays de Lafayette
3%
Pays de la Force
3%
Pays de Montaigne et Gurson
3%
Pélissanne
3%
Périgord Central
3%
Pernes-les-Fontaines
3%
Petit-Bourg
3%
Petit-Canal
3%
Pignan
3%
Plaintel
3%
Plateau du Haut-Velay Granitique
3%
Plélo
3%
Plénée-Jugon
3%
Pleslin-Trigavou
3%
Plonéour-Lanvern
3%
Plouigneau
3%
Pluvigner
3%
Poissons
3%
Pont-de-Buis-lès-Quimerch
3%
Pont-de-l'Arche
3%
Pont-Hébert
3%
Portet-sur-Garonne
3%
Port-sur-Saône
3%
Quissac
3%
Renaison
3%
Replonges
3%
Roquemaure
3%
Sada
3%
Saint-Doulchard
3%
Saint-Gaultier
3%
Saint-Lubin-des-Joncherets
3%
Saint-Porchaire
3%
Saint-Vaury
3%
Sarralbe
3%
Sarras
3%
Scey-sur-Saône-et-Saint-Albin
3%
Serris
3%
Sèvremoine
3%
Signy-l'Abbaye
3%
Sillé-le-Guillaume
3%
Souvigny
3%
Stenay
3%
Sud-Bergeracois
3%
Taravo-Ornano
3%
Thénac
3%
Thizy-les-Bourgs
3%
Thourotte
3%
Thue-et-Mue
3%
Tiercé
3%
Tourouvre au Perche
3%
Touvre-et-Braconne
3%
Trévières
3%
Troarn
3%
Tullins
3%
Val-Couesnon
3%
Val d'Ariège
3%
Val de Lorraine Sud
3%
Val de Tardoire
3%
Valdoie
3%
Vallée de l'Isle
3%
Vaucouleurs
3%
Vauréal
3%
Vertus-Plaine Champenoise
3%
Vic-en-Bigorre
3%
Vigneux-sur-Seine
3%
Villaines-la-Juhel
3%
Villersexel
3%
Villerupt
3%
Vimoutiers
3%
Vincelles
3%
Vineuil
3%
Vivonne
3%
Wormhout
3%
Ydes
3%
Algrange
2%
Ancerville
2%
Aniche
2%
Annœullin
2%
Ardentes
2%
Arize-Lèze
2%
Armagnac-Ténarèze
2%
Artix et Pays de Soubestre
2%
Auchel
2%
Aurec-sur-Loire
2%
Aureilhan
2%
Aveyron et Tarn
2%
Ballan-Miré
2%
Bandraboua
2%
Bas-en-Basset
2%
Billère et Coteaux de Jurançon
2%
Boëme-Echelle
2%
Bonchamp-lès-Laval
2%
Bonnétable
2%
Bordères-sur-l'Echez
2%
Bouligny
2%
Bouxwiller
2%
Brebières
2%
Bretoncelles
2%
Brunstatt-Didenheim
2%
Calvisson
2%
Casinca-Fumalto
2%
Castagniccia
2%
Castelginest
2%
Causse-Comtal
2%
Causse et Bouriane
2%
Causse et Vallées
2%
Cazouls-lès-Béziers
2%
Chalindrey
2%
Chalonnes-sur-Loire
2%
Chârost
2%
Châteauponsac
2%
Château-Porcien
2%
Cheval-Blanc
2%
Coulounieix-Chamiers
2%
Damigny
2%
Darney
2%
Dembeni
2%
Dieue-sur-Meuse
2%
Douvrin
2%
Dun-le-Palestel
2%
Écommoy
2%
Écouves
2%
Ensisheim
2%
Entre Seille et Meurthe
2%
Escalquens
2%
Essômes-sur-Marne
2%
Eurville-Bienville
2%
Faches-Thumesnil
2%
Faulquemont
2%
Fiumorbo-Castello
2%
Fourchambault
2%
Freyming-Merlebach
2%
Frontenay-Rohan-Rohan
2%
Gascogne-Auscitaine
2%
Gleizé
2%
Golbey
2%
Golo-Morosaglia
2%
Grandrieu
2%
Guérigny
2%
Harnes
2%
Hoenheim
2%
Hurigny
2%
Ingwiller
2%
Isle-Loue-Auvézère
2%
Jarville-la-Malgrange
2%
Kingersheim
2%
Lagord
2%
La Grand-Combe
2%
La Ravoire
2%
Lassay-les-Châteaux
2%
La Suze-sur-Sarthe
2%
La Vallée de la Têt
2%
La Vallée de l'Orbiel
2%
Lavardac
2%
Le Collet-de-Dèze
2%
Le Grand-Lemps
2%
Léguevin
2%
Le Haut Agenais Périgord
2%
Le Haut-Minervois
2%
Le Livradais
2%
Le Nord-Toulois
2%
Les Deux Rives
2%
Les Deux Rivières et Vallées
2%
Le Sillon mosellan
2%
Le Sud-Est agenais
2%
Le Thillot
2%
Le Val-d'Ajol
2%
Le Val du Dropt
2%
Levroux
2%
L'Huisserie
2%
Loiron-Ruillé
2%
Longuenesse
2%
Lot et Palanges
2%
L'Ouest agenais
2%
Luneray
2%
Luzech
2%
Malemort
2%
Maringues
2%
Masevaux-Niederbruck
2%
Meine au Saintois
2%
Meslay-du-Maine
2%
Midi Corrézien
2%
Mont-Saint-Martin
2%
Monts du Réquistanais
2%
Montval-sur-Loir
2%
Morestel
2%
Moreuil
2%
Moyen Adour
2%
Mtsamboro
2%
Neste, Aure et Louron
2%
Neuves-Maisons
2%
Nord-Lévezou
2%
Notre-Dame-de-Bondeville
2%
Ossun
2%
Ouangani
2%
Ouroux-sur-Saône
2%
Pamandzi
2%
Pays de Serres Sud-Quercy
2%
Pechbonnieu
2%
Pierre-de-Bresse
2%
Portes du Couserans
2%
Port-Jérôme-sur-Seine
2%
Puy-l'Evêque
2%
Quercy-Aveyron
2%
Quercy-Rouergue
2%
Quettreville-sur-Sienne
2%
Raspes et Lévezou
2%
Redessan
2%
Reichshoffen
2%
Reillanne
2%
Revigny-sur-Ornain
2%
Ribemont
2%
Rixheim
2%
Rombas
2%
Rousson
2%
Saint-Berthevin
2%
Sainte-Fortunade
2%
Saint-Juéry
2%
Saint-Pantaléon-de-Larche
2%
Savigné-l'Évêque
2%
Seilhac-Monédières
2%
Sermaize-les-Bains
2%
Sin-le-Noble
2%
Sorbiers
2%
Stiring-Wendel
2%
Templeuve-en-Pévèle
2%
Trouy
2%
Tsingoni
2%
Tude-et-Lavalette
2%
Val d'Adour-Rustan-Madiranais
2%
Val de Nouère
2%
Val de Save
2%
Val d'Oingt
2%
Vallées de l'Ousse et du Lagoin
2%
Vaugneray
2%
Veuzain-sur-Loire
2%
Vic-sur-Aisne
2%
Vignobles et Bastides
2%
Villegusien-le-Lac
2%
Villemur-sur-Tarn
2%
Vouneuil-sous-Biard
2%
Wingles
2%
Wintzenheim
2%
Wittenheim
2%
Bourgs sur Colagne
1%
Plaine de l'Agoût
1%
Tarn-Tescou-Quercy Vert
1%

Distribution des résultats

Percentile par nombre de réponses

% des personnes avec chaque résultat

Votre développement - résultats

Vous n’avez pas pris ce quiz